000 00517nam a2200157 4500
999 _c6927
_d6927
008 170519b xxu||||| |||| 00| 0 eng d
022 _a0119-9000
082 _aDPer 641.505 C77 Jan-June 2013 v.13-14
100 _920962
_aAldenese, Marlon.
245 _aSpicing up IFEX 2013 with modern chef/
_cMarlon Aldenese.
260 _aPhilippines:
_bUBM Medica,
_c©Jan-June 2013.
300 _av14 n3, pages 64-67:
_billustrations;
_c29 cm.
500 _aCook.
650 0 _920963
_aCooking
_xChef
942 _2ddc
_cPER